<?xml version="1.0" encoding="UTF-8"?>
<record
    xmlns:xsi="http://www.w3.org/2001/XMLSchema-instance"
    xsi:schemaLocation="http://www.loc.gov/MARC21/slim http://www.loc.gov/standards/marcxml/schema/MARC21slim.xsd"
    xmlns="http://www.loc.gov/MARC21/slim">

  <leader>00420nam a2200169   4500</leader>
  <controlfield tag="003">SEACOMEC</controlfield>
  <controlfield tag="005">20240510113347.0</controlfield>
  <controlfield tag="008">240510b        |||||||| |||| 00| 0 eng d</controlfield>
  <datafield tag="020" ind1=" " ind2=" ">
    <subfield code="a">9788188429103</subfield>
    <subfield code="c">Rs.385.00</subfield>
  </datafield>
  <datafield tag="040" ind1=" " ind2=" ">
    <subfield code="a">SEACOMEC</subfield>
  </datafield>
  <datafield tag="082" ind1=" " ind2=" ">
    <subfield code="a">621.815</subfield>
    <subfield code="b">K16</subfield>
  </datafield>
  <datafield tag="100" ind1=" " ind2=" ">
    <subfield code="a"> Kannaiah, P</subfield>
  </datafield>
  <datafield tag="245" ind1="1" ind2=" ">
    <subfield code="a">Machine design:</subfield>
    <subfield code="c">P Kannaiah</subfield>
  </datafield>
  <datafield tag="260" ind1=" " ind2=" ">
    <subfield code="a"> Chennai </subfield>
    <subfield code="b"> Scitech</subfield>
    <subfield code="c">2007</subfield>
  </datafield>
  <datafield tag="650" ind1=" " ind2=" ">
    <subfield code="a"> Machine design </subfield>
  </datafield>
  <datafield tag="942" ind1=" " ind2=" ">
    <subfield code="c">BOOK</subfield>
  </datafield>
  <datafield tag="952" ind1=" " ind2=" ">
    <subfield code="0">0</subfield>
    <subfield code="1">0</subfield>
    <subfield code="2">ddc</subfield>
    <subfield code="4">0</subfield>
    <subfield code="7">0</subfield>
    <subfield code="a">SEACOMEC</subfield>
    <subfield code="b">SEACOMEC</subfield>
    <subfield code="d">2007-10-01</subfield>
    <subfield code="l">0</subfield>
    <subfield code="o">621.815 K16</subfield>
    <subfield code="p">8646</subfield>
    <subfield code="r">2024-05-10 11:34:13</subfield>
    <subfield code="w">2024-05-10</subfield>
    <subfield code="y">BOOK</subfield>
  </datafield>
  <datafield tag="952" ind1=" " ind2=" ">
    <subfield code="0">0</subfield>
    <subfield code="1">0</subfield>
    <subfield code="2">ddc</subfield>
    <subfield code="4">0</subfield>
    <subfield code="7">0</subfield>
    <subfield code="a">SEACOMEC</subfield>
    <subfield code="b">SEACOMEC</subfield>
    <subfield code="d">2007-10-01</subfield>
    <subfield code="l">0</subfield>
    <subfield code="o">621.815 K16</subfield>
    <subfield code="p">8647</subfield>
    <subfield code="r">2024-05-10 11:34:40</subfield>
    <subfield code="t">1</subfield>
    <subfield code="w">2024-05-10</subfield>
    <subfield code="y">BOOK</subfield>
  </datafield>
  <datafield tag="952" ind1=" " ind2=" ">
    <subfield code="0">0</subfield>
    <subfield code="1">0</subfield>
    <subfield code="2">ddc</subfield>
    <subfield code="4">0</subfield>
    <subfield code="7">0</subfield>
    <subfield code="a">SEACOMEC</subfield>
    <subfield code="b">SEACOMEC</subfield>
    <subfield code="d">2007-10-01</subfield>
    <subfield code="l">0</subfield>
    <subfield code="o">621.815 K16</subfield>
    <subfield code="p">8648</subfield>
    <subfield code="r">2024-05-10 11:34:40</subfield>
    <subfield code="t">2</subfield>
    <subfield code="w">2024-05-10</subfield>
    <subfield code="y">BOOK</subfield>
  </datafield>
  <datafield tag="952" ind1=" " ind2=" ">
    <subfield code="0">0</subfield>
    <subfield code="1">0</subfield>
    <subfield code="2">ddc</subfield>
    <subfield code="4">0</subfield>
    <subfield code="7">0</subfield>
    <subfield code="a">SEACOMEC</subfield>
    <subfield code="b">SEACOMEC</subfield>
    <subfield code="d">2007-10-01</subfield>
    <subfield code="l">0</subfield>
    <subfield code="o">621.815 K16</subfield>
    <subfield code="p">8649</subfield>
    <subfield code="r">2024-05-10 11:34:40</subfield>
    <subfield code="t">3</subfield>
    <subfield code="w">2024-05-10</subfield>
    <subfield code="y">BOOK</subfield>
  </datafield>
  <datafield tag="952" ind1=" " ind2=" ">
    <subfield code="0">0</subfield>
    <subfield code="1">0</subfield>
    <subfield code="2">ddc</subfield>
    <subfield code="4">0</subfield>
    <subfield code="7">0</subfield>
    <subfield code="a">SEACOMEC</subfield>
    <subfield code="b">SEACOMEC</subfield>
    <subfield code="d">2007-10-01</subfield>
    <subfield code="l">0</subfield>
    <subfield code="o">621.815 K16</subfield>
    <subfield code="p">8650</subfield>
    <subfield code="r">2024-05-10 11:34:40</subfield>
    <subfield code="t">4</subfield>
    <subfield code="w">2024-05-10</subfield>
    <subfield code="y">BOOK</subfield>
  </datafield>
  <datafield tag="952" ind1=" " ind2=" ">
    <subfield code="0">0</subfield>
    <subfield code="1">0</subfield>
    <subfield code="2">ddc</subfield>
    <subfield code="4">0</subfield>
    <subfield code="7">0</subfield>
    <subfield code="a">SEACOMEC</subfield>
    <subfield code="b">SEACOMEC</subfield>
    <subfield code="d">2007-10-01</subfield>
    <subfield code="l">0</subfield>
    <subfield code="o">621.815 K16</subfield>
    <subfield code="p">8651</subfield>
    <subfield code="r">2024-05-10 11:34:40</subfield>
    <subfield code="t">5</subfield>
    <subfield code="w">2024-05-10</subfield>
    <subfield code="y">BOOK</subfield>
  </datafield>
  <datafield tag="952" ind1=" " ind2=" ">
    <subfield code="0">0</subfield>
    <subfield code="1">0</subfield>
    <subfield code="2">ddc</subfield>
    <subfield code="4">0</subfield>
    <subfield code="7">0</subfield>
    <subfield code="a">SEACOMEC</subfield>
    <subfield code="b">SEACOMEC</subfield>
    <subfield code="d">2007-10-01</subfield>
    <subfield code="l">0</subfield>
    <subfield code="o">621.815 K16</subfield>
    <subfield code="p">8652</subfield>
    <subfield code="r">2024-05-10 11:34:40</subfield>
    <subfield code="t">6</subfield>
    <subfield code="w">2024-05-10</subfield>
    <subfield code="y">BOOK</subfield>
  </datafield>
  <datafield tag="952" ind1=" " ind2=" ">
    <subfield code="0">0</subfield>
    <subfield code="1">0</subfield>
    <subfield code="2">ddc</subfield>
    <subfield code="4">0</subfield>
    <subfield code="7">0</subfield>
    <subfield code="a">SEACOMEC</subfield>
    <subfield code="b">SEACOMEC</subfield>
    <subfield code="d">2007-10-01</subfield>
    <subfield code="l">0</subfield>
    <subfield code="o">621.815 K16</subfield>
    <subfield code="p">8653</subfield>
    <subfield code="r">2024-05-10 11:34:40</subfield>
    <subfield code="t">7</subfield>
    <subfield code="w">2024-05-10</subfield>
    <subfield code="y">BOOK</subfield>
  </datafield>
  <datafield tag="952" ind1=" " ind2=" ">
    <subfield code="0">0</subfield>
    <subfield code="1">0</subfield>
    <subfield code="2">ddc</subfield>
    <subfield code="4">0</subfield>
    <subfield code="7">0</subfield>
    <subfield code="a">SEACOMEC</subfield>
    <subfield code="b">SEACOMEC</subfield>
    <subfield code="d">2007-10-01</subfield>
    <subfield code="l">0</subfield>
    <subfield code="o">621.815 K16</subfield>
    <subfield code="p">8654</subfield>
    <subfield code="r">2024-05-10 11:34:40</subfield>
    <subfield code="t">8</subfield>
    <subfield code="w">2024-05-10</subfield>
    <subfield code="y">BOOK</subfield>
  </datafield>
  <datafield tag="952" ind1=" " ind2=" ">
    <subfield code="0">0</subfield>
    <subfield code="1">0</subfield>
    <subfield code="2">ddc</subfield>
    <subfield code="4">0</subfield>
    <subfield code="7">0</subfield>
    <subfield code="a">SEACOMEC</subfield>
    <subfield code="b">SEACOMEC</subfield>
    <subfield code="d">2007-10-01</subfield>
    <subfield code="l">0</subfield>
    <subfield code="o">621.815 K16</subfield>
    <subfield code="p">8655</subfield>
    <subfield code="r">2024-05-10 11:34:40</subfield>
    <subfield code="t">9</subfield>
    <subfield code="w">2024-05-10</subfield>
    <subfield code="y">BOOK</subfield>
  </datafield>
  <datafield tag="952" ind1=" " ind2=" ">
    <subfield code="0">0</subfield>
    <subfield code="1">0</subfield>
    <subfield code="2">ddc</subfield>
    <subfield code="4">0</subfield>
    <subfield code="7">0</subfield>
    <subfield code="a">SEACOMEC</subfield>
    <subfield code="b">SEACOMEC</subfield>
    <subfield code="d">2007-10-01</subfield>
    <subfield code="l">0</subfield>
    <subfield code="o">621.815 K16</subfield>
    <subfield code="p">8656</subfield>
    <subfield code="r">2024-05-10 11:34:40</subfield>
    <subfield code="t">10</subfield>
    <subfield code="w">2024-05-10</subfield>
    <subfield code="y">BOOK</subfield>
  </datafield>
  <datafield tag="952" ind1=" " ind2=" ">
    <subfield code="0">0</subfield>
    <subfield code="1">0</subfield>
    <subfield code="2">ddc</subfield>
    <subfield code="4">0</subfield>
    <subfield code="7">0</subfield>
    <subfield code="a">SEACOMEC</subfield>
    <subfield code="b">SEACOMEC</subfield>
    <subfield code="d">2007-10-01</subfield>
    <subfield code="l">0</subfield>
    <subfield code="o">621.815 K16</subfield>
    <subfield code="p">8657</subfield>
    <subfield code="r">2024-05-10 11:34:40</subfield>
    <subfield code="t">11</subfield>
    <subfield code="w">2024-05-10</subfield>
    <subfield code="y">BOOK</subfield>
  </datafield>
  <datafield tag="952" ind1=" " ind2=" ">
    <subfield code="0">0</subfield>
    <subfield code="1">0</subfield>
    <subfield code="2">ddc</subfield>
    <subfield code="4">0</subfield>
    <subfield code="7">0</subfield>
    <subfield code="a">SEACOMEC</subfield>
    <subfield code="b">SEACOMEC</subfield>
    <subfield code="d">2007-10-01</subfield>
    <subfield code="l">0</subfield>
    <subfield code="o">621.815 K16</subfield>
    <subfield code="p">8658</subfield>
    <subfield code="r">2024-05-10 11:34:40</subfield>
    <subfield code="t">12</subfield>
    <subfield code="w">2024-05-10</subfield>
    <subfield code="y">BOOK</subfield>
  </datafield>
  <datafield tag="952" ind1=" " ind2=" ">
    <subfield code="0">0</subfield>
    <subfield code="1">0</subfield>
    <subfield code="2">ddc</subfield>
    <subfield code="4">0</subfield>
    <subfield code="7">0</subfield>
    <subfield code="a">SEACOMEC</subfield>
    <subfield code="b">SEACOMEC</subfield>
    <subfield code="d">2007-10-01</subfield>
    <subfield code="l">0</subfield>
    <subfield code="o">621.815 K16</subfield>
    <subfield code="p">8659</subfield>
    <subfield code="r">2024-05-10 11:34:40</subfield>
    <subfield code="t">13</subfield>
    <subfield code="w">2024-05-10</subfield>
    <subfield code="y">BOOK</subfield>
  </datafield>
  <datafield tag="952" ind1=" " ind2=" ">
    <subfield code="0">0</subfield>
    <subfield code="1">0</subfield>
    <subfield code="2">ddc</subfield>
    <subfield code="4">0</subfield>
    <subfield code="7">0</subfield>
    <subfield code="a">SEACOMEC</subfield>
    <subfield code="b">SEACOMEC</subfield>
    <subfield code="d">2007-10-01</subfield>
    <subfield code="l">0</subfield>
    <subfield code="o">621.815 K16</subfield>
    <subfield code="p">8660</subfield>
    <subfield code="r">2024-05-10 11:34:40</subfield>
    <subfield code="t">14</subfield>
    <subfield code="w">2024-05-10</subfield>
    <subfield code="y">BOOK</subfield>
  </datafield>
  <datafield tag="952" ind1=" " ind2=" ">
    <subfield code="0">0</subfield>
    <subfield code="1">0</subfield>
    <subfield code="2">ddc</subfield>
    <subfield code="4">0</subfield>
    <subfield code="7">0</subfield>
    <subfield code="a">SEACOMEC</subfield>
    <subfield code="b">SEACOMEC</subfield>
    <subfield code="d">2007-10-01</subfield>
    <subfield code="l">0</subfield>
    <subfield code="o">621.815 K16</subfield>
    <subfield code="p">8661</subfield>
    <subfield code="r">2024-05-10 11:34:40</subfield>
    <subfield code="t">15</subfield>
    <subfield code="w">2024-05-10</subfield>
    <subfield code="y">BOOK</subfield>
  </datafield>
  <datafield tag="952" ind1=" " ind2=" ">
    <subfield code="0">0</subfield>
    <subfield code="1">0</subfield>
    <subfield code="2">ddc</subfield>
    <subfield code="4">0</subfield>
    <subfield code="7">0</subfield>
    <subfield code="a">SEACOMEC</subfield>
    <subfield code="b">SEACOMEC</subfield>
    <subfield code="d">2007-10-01</subfield>
    <subfield code="l">0</subfield>
    <subfield code="o">621.815 K16</subfield>
    <subfield code="p">8662</subfield>
    <subfield code="r">2024-05-10 11:34:40</subfield>
    <subfield code="t">16</subfield>
    <subfield code="w">2024-05-10</subfield>
    <subfield code="y">BOOK</subfield>
  </datafield>
  <datafield tag="952" ind1=" " ind2=" ">
    <subfield code="0">0</subfield>
    <subfield code="1">0</subfield>
    <subfield code="2">ddc</subfield>
    <subfield code="4">0</subfield>
    <subfield code="7">0</subfield>
    <subfield code="a">SEACOMEC</subfield>
    <subfield code="b">SEACOMEC</subfield>
    <subfield code="d">2007-10-01</subfield>
    <subfield code="l">0</subfield>
    <subfield code="o">621.815 K16</subfield>
    <subfield code="p">8663</subfield>
    <subfield code="r">2024-05-10 11:34:40</subfield>
    <subfield code="t">17</subfield>
    <subfield code="w">2024-05-10</subfield>
    <subfield code="y">BOOK</subfield>
  </datafield>
  <datafield tag="952" ind1=" " ind2=" ">
    <subfield code="0">0</subfield>
    <subfield code="1">0</subfield>
    <subfield code="2">ddc</subfield>
    <subfield code="4">0</subfield>
    <subfield code="7">0</subfield>
    <subfield code="a">SEACOMEC</subfield>
    <subfield code="b">SEACOMEC</subfield>
    <subfield code="d">2007-10-01</subfield>
    <subfield code="l">0</subfield>
    <subfield code="o">621.815 K16</subfield>
    <subfield code="p">8664</subfield>
    <subfield code="r">2024-05-10 11:34:40</subfield>
    <subfield code="t">18</subfield>
    <subfield code="w">2024-05-10</subfield>
    <subfield code="y">BOOK</subfield>
  </datafield>
  <datafield tag="952" ind1=" " ind2=" ">
    <subfield code="0">0</subfield>
    <subfield code="1">0</subfield>
    <subfield code="2">ddc</subfield>
    <subfield code="4">0</subfield>
    <subfield code="7">0</subfield>
    <subfield code="a">SEACOMEC</subfield>
    <subfield code="b">SEACOMEC</subfield>
    <subfield code="d">2007-10-01</subfield>
    <subfield code="l">0</subfield>
    <subfield code="o">621.815 K16</subfield>
    <subfield code="p">8665</subfield>
    <subfield code="r">2024-05-10 11:34:40</subfield>
    <subfield code="t">19</subfield>
    <subfield code="w">2024-05-10</subfield>
    <subfield code="y">BOOK</subfield>
  </datafield>
  <datafield tag="999" ind1=" " ind2=" ">
    <subfield code="c">1051</subfield>
    <subfield code="d">1051</subfield>
  </datafield>
</record>
